01510nam a2200289 a 450000100060000000300080000600500170001400800410003103500190007204000360009104100080012708200330013510000360016824500780020426000570028230000560033950400410039565000550043665000460049165100520053794200120058999900170060195201610061895201590077995201400093895201420107825735BD-RjUL20211209050924.0140319s1981 ii bf b f001 0 eng  a(BD-RjUL)25805 aDLCbengcDLCdDLCdLCdBD-RjUL aeng00a305.6297105414219bAHB 19811 aAhmed, Rafiuddin,d1941-97905414aThe Bengal Muslims, 1871-1906 :ba quest for identity /cRafiuddin Ahmed. aDelhi ;aNew York :bOxford University Press,c1981. axvi, 271 p., [2] leaves of plates :bmaps ;c23 cm. aBibliography: p. 251-263. and index. 0aMuslimszIndiazBengalxPolitical activity.979055 0aIslam and politicszIndiazBengal.979056 0aBengal (India)xPolitics and government.979057 2ddccBK c25735d25735 00102ddc40708NFICaRUCLbRUCLcStackd1983-11-27eTulip enterprize, Dhaka.g125.00l0o305.6297105414 AHB 1981r2014-03-19 00:00:00tC-2w2021-12-09yBK 00102ddc40708NFICaRUCLbRUCLcStackd1985-07-08eTulip enterprize, Dhaka.g8.25l0o305.6297105414 AHB 1981r2014-03-19 00:00:00tC-6w2014-03-19yBK 00102ddc40708NFICaRUCLbRUCLcStackd1984-03-21etulipg8.25l0o305.6297105414 AHB 1981r2014-03-23 00:00:00tC-4w2014-03-23yBK 00102ddc40728NFICaRUCLbRUCLcReadingd1984-03-21etulipg8.25l0o305.6297105414 AHB 1981r2014-03-23 00:00:00tC-1w2014-03-23yBK